Fragmenta historicorum graecorum / (Record no. 54517)

MARC details
000 -LEADER
campo de control de longitud fija 00723nam a2200205 i 4500
001 - NÚMERO DE CONTROL
campo de control 54517
003 - IDENTIFICADOR DE NÚMERO DE CONTROL
campo de control ES-MaACL
005 - FECHA Y HORA DE LA ÚLTIMA TRANSACCIÓN
campo de control 20250928121418.0
007 - CAMPO FIJO DE DESCRIPCIÓN FÍSICA--INFORMACIÓN GENERAL
campo de control de longitud fija t|
008 - DATOS DE LONGITUD FIJA--INFORMACIÓN GENERAL
campo de control de longitud fija 960723m18481883fr ||||1| fre d
080 ## - NÚMERO DE LA CLASIFICACIÓN DECIMAL UNIVERSAL
Número de la Clasificación Decimal Universal 94(38)(093)
245 00 - MENCIÓN DEL TÍTULO
Título Fragmenta historicorum graecorum /
Mención de responsabilidad, etc. cum fragmentis, auxerunt, notis et prolegomenis illustrarunt, indice plenissimo instruxerunt Car. et Theod. Mülleri...
260 ## - PUBLICACIÓN, DISTRIBUCIÓN, ETC.
Lugar de publicación, distribución, etc. Parisiis :
Nombre del editor, distribuidor, etc. Ambrosio Firmin Didot,
Fecha de publicación, distribución, etc. 1848-1883.
300 ## - DESCRIPCIÓN FÍSICA
Extensión 5 v. ;
Dimensiones 27 cm.
651 #4 - PUNTO DE ACCESO ADICIONAL DE MATERIA--NOMBRE GEOGRÁFICO
Nombre geográfico Grecia-
Subdivisión general Historia-
Subdivisión de forma Fuentes.
9 (RLIN) 163097
700 1# - ENTRADA AGREGADA--NOMBRE PERSONAL
Nombre de persona Müller, Theodorus,
Fechas asociadas al nombre 1816-1881
9 (RLIN) 163098
700 1# - ENTRADA AGREGADA--NOMBRE PERSONAL
Nombre de persona Müller, Karl,
Fechas asociadas al nombre 1813-1894
9 (RLIN) 84133
852 ## - LOCALIZACIÓN
Ubicación ES-MaACL
Número de control de estantería B-2480-84
Holdings
Estatus retirado Estado de pérdida Estado de daño No para préstamo Colección Biblioteca de origen Biblioteca actual Ubicación en estantería Fecha de adquisición Fuente de adquisición Total de préstamos Signatura topográfica completa Código de barras Visto por última vez Precio de reemplazo Tipo de ítem Koha
        Libros del s. XIX Biblioteca del Ateneo de Madrid Biblioteca del Ateneo de Madrid Sala Pardo Bazán 17/01/2008     B-2480-84 1057288 23/02/2023 23/02/2023 Libro impreso antiguo